| 000 | 00494nam a2200133 a 4500 | ||
|---|---|---|---|
| 008 | 120416s1967 ||||||||||||||||| || u | ||
| 050 | _aQA 276 Lam | ||
| 100 | _aLambe, Cyril Gerald | ||
| 245 | 1 | 0 | _aStatistical methods and formulae |
| 260 |
_aLondon _bThe English Universities Press _c1967 |
||
| 300 | _ax, 159p. : ill. | ||
| 350 | _a0.00 | ||
| 995 |
_D0.00 _FCBU-MAIN LIBRARY (Kitwe) _H1 _I6.00 _M1 _UAVAILABLE _ZAnnex Low-Usage Collection |
||
| 999 |
_c58291 _d58291 |
||